MDQL
is popping MORE tags! Check the
thread
!
Quizzes
Events
Quiz Creation
Community
Videos
Private Events
Remove Ads
Sign In
Join for FREE
Feedback
Dark Mode
Quiz Categories
Sports
Geography
Music
Movies
Television
Just For Fun
Miscellaneous
History
Literature
Language
Science
Gaming
Entertainment
Religion
Holiday
For Kids
Quiz Lab
Recent
Popular Today
Quiz Kudos Today
Editor Picks
Curator Picks
Quizzes by...
Day
Popularity
Type
Ratings
Length
Year
Community
Subscriptions
Recent Discussions
Orange Saloon
Badges
Playlists
Quests
Create
Leaderboards
Showdown
Live 5
Trivia Bingo
Activity
Puzzle Library
Sporcle Events
Private Events
Virtual Trivia
Globe League
Become a Host
Pub Owners
SporcleCon
Opinionation
Our Games
Videos
Blog
Mobile Apps
Partnerships
Remove Ads and Go Orange
Feedback
Gaming
Video Games
Board Games
Card Games
Pokémon
Mario
Nintendo
Minecraft
Console
Toys
Legend of Zelda
Gaming
Video Games
Board Games
Card Games
Pokémon
Mario
Nintendo
Minecraft
Console
Toys
Legend of Zelda
Random Quiz
Search Sporcle
×
Quiz Lab
Quiz Lab
Gaming
Pokémon
Type in answers that appear in a list
Type in answers that appear in a list
Classic
Best Score? Go Orange.
All Normal Pokémon Stats
Can you name the Normal Pokémon?
By
vampire_pigeon
10m
97 Questions
82 Plays
82 Plays
82 Plays
Comments
Comments
Give Quiz Kudos
Give Quiz Kudos
-
- Ratings
hide this ad
Replay
Link that replays current quiz
Next Quiz
Link to next quiz in quiz playlist
You Got
0%
They Got
Avg Score
73%
Avg Friend Score
Upgrade to see
Score Distribution
Jump to the score distribution portion of the page
Score
0/97
Timer
10:00
0
Plays Today
#
Pokémon
% Correct
16
Pidgey
100%
18
Pidgeot
100%
17
Pidgeotto
98.8%
21
Spearow
98.8%
22
Fearow
98.8%
19
Rattata
97.6%
20
Raticate
97.6%
39
Jigglypuff
96.3%
40
Wigglytuff
96.3%
35
Clefairy
95.1%
36
Clefable
95.1%
113
Chansey
93.9%
133
Eevee
93.9%
143
Snorlax
93.9%
83
Farfetch'd
92.7%
162
Furret
92.7%
84
Doduo
91.5%
85
Dodrio
91.5%
161
Sentret
91.5%
174
Igglybuff
91.5%
173
Cleffa
90.2%
163
Hoothoot
89%
128
Tauros
87.8%
164
Noctowl
87.8%
242
Blissey
87.8%
137
Porygon
86.6%
115
Kangaskhan
85.4%
52
Meowth
81.7%
53
Persian
81.7%
132
Ditto
81.7%
203
Girafarig
81.7%
276
Taillow
81.7%
277
Swellow
81.7%
#
Pokémon
% Correct
263
Zigzagoon
80.5%
440
Happiny
79.3%
446
Munchlax
79.3%
175
Togepi
78%
176
Togetic
78%
241
Miltank
78%
233
Porygon2
76.8%
396
Starly
76.8%
397
Staravia
76.8%
398
Staraptor
76.8%
264
Linoone
75.6%
399
Bidoof
75.6%
468
Togekiss
75.6%
474
Porygon-Z
75.6%
108
Lickitung
73.2%
289
Slaking
73.2%
400
Bibarel
73.2%
234
Stantler
70.7%
288
Vigoroth
70.7%
294
Loudred
70.7%
295
Exploud
69.5%
235
Smeargle
68.3%
293
Whismur
68.3%
508
Stoutland
68.3%
287
Slakoth
67.1%
506
Lillipup
67.1%
209
Snubbull
65.9%
210
Granbull
65.9%
206
Dunsparce
64.6%
463
Lickilicky
64.6%
504
Patrat
64.6%
507
Herdier
64.6%
300
Skitty
63.4%
#
Pokémon
% Correct
301
Delcatty
63.4%
519
Pidove
63.4%
520
Tranquill
63.4%
333
Swablu
62.2%
493
Arceus
62.2%
521
Unfezant
62.2%
628
Braviary
62.2%
216
Teddiursa
61%
217
Ursaring
61%
585
Deerling
61%
335
Zangoose
59.8%
486
Regigigas
59.8%
505
Watchog
59.8%
586
Sawsbuck
59.8%
626
Bouffalant
58.5%
627
Rufflet
58.5%
648
Meloetta
58.5%
351
Castform
57.3%
352
Kecleon
57.3%
327
Spinda
56.1%
298
Azurill
54.9%
531
Audino
54.9%
190
Aipom
52.4%
431
Glameow
52.4%
432
Purugly
52.4%
424
Ambipom
50%
427
Buneary
48.8%
428
Lopunny
48.8%
441
Chatot
45.1%
572
Minccino
42.7%
573
Cinccino
42.7%
Quiz Playlist
Details
Report
Send in Message
Add To Playlist
Classic:
Type in answers that appear in a list
Last Updated: Feb 16, 2017
Quiz Scoreboard
CHALLENGE
Sign Up to Join the Scoreboard
Show All
Scores
Hide
Comments
May contain spoilers
Recently Published
Holiday 10x10 Sorting Gallery
by lukepisani3
Holiday
15m
Two Season TV Shows II
by 123Four
Television
10m
Image Sorting: Flags VI
by Barbecue
Geography
2m
More to Explore
Quiz From the Vault
Featured Blog Post
14 Easter Pick-up Lines to Find Eggs With
hide this ad
You Might Also Like...
Tags
Pokémon Quiz
normal
Today's Top Quizzes in Gaming
Browse Gaming
hide this ad
Today's Top Quizzes in Pokémon
Browse Pokémon
Top Contributed Quizzes in Gaming
1
League of Legends Pro Players by Career/Team History
2
Genshin Impact Logic Puzzle
3
Destiny 2 exotic weapons by perk icons
4
Genshin Impact Logic Puzzle Quiz
5
Genshin murder mystery
6
4x4 Decades: Video Games
7
Who's on the WWE 2K24 Cover?
8
Ultimate Genshin Impact Logic Puzzle (up to 4.3)
9
Dead By Daylight Logic Puzzle
10
Undertale Logic Puzzle
Explore More
Trending Topics
Crossword
Disney
Anime
Harry Potter
NBA
Marvel
Kpop
Soccer
Country
The Office
NFL
Song
Puzzle
WWE
Pokémon
hide this ad
More By:
vampire_pigeon
Quiz
Plays
Rating
Category
Featured
Created
all ice pokemon
718
4.13
Gaming
Jan 13, 2010
Railway stations in Northumberland
640
5.00
Geography
Dec 22, 2009
Railway stations in Cumbria
620
4.33
Geography
Dec 22, 2009
'Have I Got News For You' Guest Presenters
566
4.00
Television
Jan 20, 2010
Main Characters of 24
481
Television
Dec 21, 2009
Go to Creator's Profile
Score Distribution
Quiz Creator Spotlight
vampire_pigeon
Follow
Send a Message
Quizzes Created
-
Created Quiz Play Count
-
More By This Creator
Popular Quizzes Today
1
Find the US States - No Outlines Minefield
2
Colored Red Africa Blitz
3
Find the 'City' Movie
4
The Countries of the World
5
5x2 Blitz: Bands
6
Find the US States
7
Find the Countries of Europe - No Outlines Minefield
8
US States
More Gaming Quizzes
Logic: Chessmen VIII
Curator's Pick
Trending Quizzes
Colored Red Europe Blitz I
Colored Red Europe Blitz II
Colored Red Africa Blitz II
Colored Red Europe Blitz III
Colored Red Africa Blitz III
Recently Updated
Odd Team Out - Big 4 Players
pecheneg
Quick Pick: 20 Twenties
pecheneg
March Madness Men's Triple Doubles
pecheneg
How Do You Spell That?
pecheneg
Godzilla Movies
pecheneg
Grab Bag: 4-10 Letters
pecheneg
2024 March Madness Bracket
pecheneg
Famous TV Couples
Peacemaker
Champions League XIs: Real Madrid
pecheneg
Largest US Cities 1790-2010
pecheneg
Trending Topics
Marvel
Kpop
Crossword
Anime
NBA
Disney
Harry Potter
Puzzle
Country
Soccer
The Office
Pokémon
Song
WWE
NFL
Your Account Isn't Verified!
In order to create a playlist on Sporcle, you need to verify the email address you used during registration. Go to your
Sporcle Settings
to finish the process.
Report this User
Report this user for behavior that violates our
Community Guidelines
.
Details:
Send Report
Go to the Sporcle.com Mobile Site →
Comments